000 00610nam a2200229Ia 4500
003 OSt
005 20220918182135.0
006 a|||||r|||| 00| 0
007 ta
008 220917b |||||||| |||| 00| 0 eng d
024 _a30,938
037 _cTextual
040 _aARTS
_cARTS
_beng
041 _2eng
_aeng
082 _aO111,3M65,K, F8 (EO)
100 _aKipling Joseph Rudyard
245 0 _aKim
260 _aNew York
_bModern Library
_c1928
650 _aENGLISH LITERATURE
942 _hO111,3M65,K, F8 (EO)
_cTEXL
_2CC
999 _c168015
_d168015